|
|
|
|
| LEADER |
00000nam0a2200000 4500 |
| 001 |
72125 |
| 005 |
20231031083136.0 |
| 035 |
|
|
|a (RuTPU)RU\TPU\book\76889
|
| 090 |
|
|
|a 72125
|
| 100 |
|
|
|a 20050106d1982 k y0rusy50 ca
|
| 101 |
0 |
|
|a rus
|
| 102 |
|
|
|a RU
|
| 105 |
|
|
|a a z 001zy
|
| 200 |
1 |
|
|a Эксплуатационные свойства деталей с регулярным микрорельефом
|f Ю. Г. Шнейдер
|
| 205 |
|
|
|a 2-е изд., перераб. и доп.
|
| 210 |
|
|
|a Ленинград
|c Машиностроение
|d 1982
|
| 215 |
|
|
|a 249 с.
|c ил.
|
| 320 |
|
|
|a Библиогр.: с. 247.
|
| 610 |
1 |
|
|a детали машин
|
| 610 |
1 |
|
|a эксплуатационные качества
|
| 610 |
1 |
|
|a шероховатость
|
| 610 |
1 |
|
|a машиностроение
|
| 610 |
1 |
|
|a теоретические основы
|
| 675 |
|
|
|a 621.81-408
|v 3
|
| 700 |
|
1 |
|a Шнейдер
|b Ю. Г.
|g Юрий Григорьевич
|
| 801 |
|
1 |
|a RU
|b 63413507
|c 20050106
|g PSBO
|
| 801 |
|
2 |
|a RU
|b 63413507
|c 20121213
|g PSBO
|
| 942 |
|
|
|c BK
|